[Event "HUN-chT2 Maroczy 1819"]
[Site "Hungary"]
[Date "2018.10.07"]
[Round "2.12"]
[White "Toth, Nikoletta"]
[Black "Fekete, Agnes"]
[Result "0-1"]
[WhiteElo "1835"]
[BlackElo "1954"]
[PlyCount "70"]
[EventDate "2018.09.23"]
[EventType "team-tourn"]
[EventRounds "11"]
[EventCountry "HUN"]
[SourceTitle "EXT 2020"]
[Source "ChessBase"]
[SourceDate "2019.10.17"]
[SourceVersion "1"]
[SourceVersionDate "2019.10.17"]
[SourceQuality "1"]
[WhiteTeam "Szigetszentmiklos"]
[BlackTeam "Kisujszallas"]
[WhiteTeamCountry "HUN"]
[BlackTeamCountry "HUN"]

1. d4 Nf6 2. Bf4 g6 3. e3 Bg7 4. Nf3 0-0 5. c4 d6 6. h3 Nbd7 7. Nc3 c6 8. Be2 Qe8 9. 0-0 e5 10. Bh2 Qe7 11. d5 c5 12. e4 Ne8 13. a3 f5 14. b4 f4 15. Rb1 g5 16. Nd2 Ndf6 17. Re1 b6 18. b5 Qf7 19. Bg4 Nxg4 20. hxg4 Nf6 21. f3 h5 22. gxh5 Qxh5 23. Nf1 g4 24. fxg4 Nxg4 25. Qf3 Rf6 26. Rb2 Bd7 27. g3 fxg3 28. Qxg3 Raf8 29. Qg2 Nxh2 30. Qxh2 Bh3 31. Ng3 Qg4 32. Rbb1 Rf3 33. Nce2 Bh6 34. Kh1 Rf2 35. Nf5 Rxh2+ 0-1

[Event "HUN-ch U18 Girls"]
[Site "Balatonlelle"]
[Date "2016.06.25"]
[Round "2"]
[White "Monduk, Eszter"]
[Black "Fekete, Agnes"]
[Result "0-1"]
[WhiteElo "1367"]
[BlackElo "1998"]
[PlyCount "56"]
[EventDate "2016.06.24"]
[EventType "tourn"]
[EventRounds "7"]
[EventCountry "HUN"]
[SourceTitle "CBM 173 Extra"]
[Source "ChessBase"]
[SourceDate "2016.08.29"]
[SourceVersion "1"]
[SourceVersionDate "2016.08.29"]
[SourceQuality "1"]

1. d4 Nf6 2. c4 g6 3. Nf3 Bg7 4. Nc3 0-0 5. Bf4 d6 6. e4 Nbd7 7. Be3 e5 8. d5 Ne8 9. Bd3 Nc5 10. Bc2 a5 11. Na4 Nxa4 12. Bxa4 f5 13. exf5 gxf5 14. Bg5 Nf6 15. Bc2 Qe8 16. 0-0 Qh5 17. Bd2 f4 18. Re1 Bd7 19. c5 Rae8 20. Bxa5 e4 21. Nd4 Ng4 22. h3 f3 23. Bxe4 fxg2 24. Bxg2 Rxe1+ 25. Bxe1 Bxd4 26. Qxd4 Ne5 27. Qe3 Nf3+ 28. Kf1 Bb5+ 0-1

[Event "Budapest Art Pub Cup 8th"]
[Site "Budapest"]
[Date "2015.07.10"]
[Round "3"]
[White "Karacsonyi, Gellert"]
[Black "Fekete, Agnes"]
[Result "1/2-1/2"]
[WhiteElo "2036"]
[BlackElo "1842"]
[PlyCount "97"]
[EventDate "2015.07.09"]
[EventType "swiss"]
[EventRounds "7"]
[EventCountry "HUN"]
[SourceTitle "CBM 167 Extra"]
[Source "ChessBase"]
[SourceDate "2015.09.14"]
[SourceVersion "1"]
[SourceVersionDate "2015.09.14"]
[SourceQuality "1"]

1. e4 c5 2. Nf3 d6 3. d4 cxd4 4. Nxd4 Nf6 5. Nc3 e6 6. Bg5 Be7 7. Qd2 0-0 8. 0-0-0 a6 9. f3 Qc7 10. h4 Rd8 11. f4 Nc6 12. Nf3 b5 13. Bxf6 Bxf6 14. g4 b4 15. Ne2 Bb7 16. g5 Be7 17. Ng3 Na5 18. Kb1 d5 19. e5 d4 20. Be2 Nc4 21. Qd3 Ne3 22. Rc1 Bd5 23. Nf1 a5 24. h5 a4 25. g6 fxg6 26. hxg6 h6 27. Rh3 Qc4 28. Qxc4 Bxc4 29. Bxc4 Nxc4 30. N1d2 Ne3 31. Ne4 Ng2 32. Rh2 Nxf4 33. Rd1 Nxg6 34. Rg2 Nf4 35. Rgd2 Kf7 36. Nxd4 g5 37. Nc6 Rxd2 38. Rxd2 Rc8 39. Nd6+ Bxd6 40. exd6 g4 41. d7 Rg8 42. d8Q Rxd8 43. Nxd8+ Kf6 44. Nc6 g3 45. Nd4 g2 46. Nf3 e5 47. Rd1 e4 48. Ng1 h5 49. Re1 1/2-1/2

[Event "Budapest Art Pub Cup 8th"]
[Site "Budapest"]
[Date "2015.07.09"]
[Round "1"]
[White "Bodi, Tibor"]
[Black "Fekete, Agnes"]
[Result "1-0"]
[WhiteElo "2184"]
[BlackElo "1842"]
[PlyCount "51"]
[EventDate "2015.07.09"]
[EventType "swiss"]
[EventRounds "7"]
[EventCountry "HUN"]
[SourceTitle "CBM 167 Extra"]
[Source "ChessBase"]
[SourceDate "2015.09.14"]
[SourceVersion "1"]
[SourceVersionDate "2015.09.14"]
[SourceQuality "1"]

1. e4 c5 2. Nf3 d6 3. d4 cxd4 4. Nxd4 Nf6 5. Nc3 e6 6. Be3 a6 7. f4 Qc7 8. Qf3 Be7 9. h3 0-0 10. g4 Nc6 11. 0-0-0 Nxd4 12. Bxd4 e5 13. Bf2 exf4 14. g5 Nd7 15. Nd5 Qd8 16. h4 Ne5 17. Qxf4 b5 18. Bb6 Qd7 19. Bh3 Qb7 20. Bc7 Re8 21. Nxe7+ Rxe7 22. Bxd6 Nc4 23. Bxe7 Qxe7 24. Bf1 Bb7 25. Bxc4 bxc4 26. Qd6 1-0

[Event "HUN-ch U16 Girls"]
[Site "Balatonlelle"]
[Date "2014.06.21"]
[Round "2"]
[White "Fekete, Agnes"]
[Black "Vanczak, Virag"]
[Result "1-0"]
[WhiteElo "1719"]
[BlackElo "1489"]
[PlyCount "93"]
[EventDate "2014.06.20"]
[EventType "tourn"]
[EventRounds "9"]
[EventCountry "HUN"]
[SourceTitle "EXT 2024"]
[Source "ChessBase"]
[SourceDate "2023.10.10"]
[SourceVersion "1"]
[SourceVersionDate "2023.10.10"]
[SourceQuality "1"]

1. c4 c5 2. d3 Nf6 3. Nf3 b6 4. e4 d6 5. g3 Bb7 6. Bg2 Qc7 7. 0-0 e6 8. Nc3 Be7 9. b3 a6 10. Bb2 Nc6 11. Qd2 Rd8 12. Rad1 0-0 13. Qc1 Nb4 14. a3 Nc6 15. Ne2 d5 16. cxd5 exd5 17. e5 Ng4 18. d4 Na5 19. h3 Nh6 20. b4 Nb3 21. Qc3 c4 22. Nd2 Rc8 23. f4 Nf5 24. g4 Nh4 25. f5 Nxg2 26. Kxg2 Bg5 27. f6 Bxd2 28. Rxd2 Qxe5 29. Qxb3 Qxe2+ 30. Rxe2 cxb3 31. fxg7 Kxg7 32. Rf3 Rc2 33. Ref2 Rxf2+ 34. Kxf2 Rc8 35. Rxb3 Rc2+ 36. Kg3 Kg6 37. b5 a5 38. Kf3 Kg5 39. Kg3 Kg6 40. Kf3 Kg5 41. Kg3 Ba8 42. h4+ Kg6 43. Kf4 Re2 44. Bc1 Re4+ 45. Kf3 Rxd4 46. h5+ Kg7 47. Bb2 1-0

[Event "HUN-ch U16 Girls"]
[Site "Balatonlelle"]
[Date "2013.06.27"]
[Round "7"]
[White "Terbe, Zsuzsanna"]
[Black "Fekete, Agnes"]
[Result "1-0"]
[WhiteElo "1866"]
[BlackElo "1701"]
[PlyCount "89"]
[EventDate "2013.??.??"]
[EventType "tourn"]
[EventRounds "9"]
[EventCountry "HUN"]
[SourceTitle "EXT 2014"]
[Source "ChessBase"]
[SourceDate "2013.11.20"]
[SourceVersion "1"]
[SourceVersionDate "2013.11.20"]
[SourceQuality "1"]

1. e4 c5 2. Nf3 e6 3. c4 d6 4. d4 cxd4 5. Nxd4 Nf6 6. Nc3 Be7 7. Be2 0-0 8. Be3 Nc6 9. 0-0 a6 10. f3 Bd7 11. Qd2 Rc8 12. Rac1 Ne5 13. b3 Qa5 14. Nd5 Qd8 15. Nxe7+ Qxe7 16. Rfd1 d5 17. exd5 exd5 18. cxd5 Nxd5 19. Bf2 Rxc1 20. Rxc1 Rc8 21. Re1 Qf6 22. Bf1 Rd8 23. Qa5 Nc6 24. Qxd5 Be6 25. Rxe6 fxe6 26. Qxe6+ Qxe6 27. Nxe6 Rd2 28. a3 Rb2 29. Nc5 Kf8 30. b4 a5 31. b5 Nd8 32. Be1 Rc2 33. Bxa5 Ke8 34. Bb4 b6 35. Na4 Ne6 36. Nxb6 Nd4 37. a4 Rc1 38. Kf2 Nf5 39. Bd3 g6 40. a5 Ra1 41. Bc4 Kd8 42. a6 Kc7 43. Nd5+ Kb8 44. Bc5 Rc1 45. a7+ 1-0